000 00659nam a22002417a 4500
003 UA-OsUOA
001 59651
007 ta
008 20090407b un ||||| |||| 00| 0 ukr d
100 _aАбдулазар Л.
090 _a004.65
_bА13
942 _cBK
040 _aUA-OsUOA
_brus
_cUA-OsUOA
_dUA-OsUOA
245 _aЛучшие методики применения Excel в бизнесе
300 _a464 с.
955 _a2
041 _arus
080 _a004.65
020 _a5-8459-0878-7
260 _aМ.
_bВильямс
_c2006
650 7 _a00 Загальні питання науки і культури
_2UDC
999 _c345714
_d345714